Statistics for Madonna Songs

Click here to take the quiz!

General Stats

  • This quiz has been taken 5 times
  • The average score is 7 of 12

Answer Stats

YearSong% Correct
1984Like A Virgin
100%
1989Like a Prayer
75%
1990Vogue
75%
2000Music
75%
1985Crazy For You
50%
1986Papa Don't Preach
50%
1986Live To Tell
50%
1991Justify My Love
50%
1995Take A Bow
50%
1987Who's That Girl
25%
1987Open Your Heart
25%
1992This Used To Be My Playground
25%

Score Distribution

Percentile by Number Answered

Percent of People with Each Score

Your Score History

You have not taken this quiz